Statistics for Best cities by quality of life

Click here to take the quiz!

General Stats

  • This quiz has been taken 56 times
  • The average score is 15 of 30

Answer Stats

#ContinentCity% Correct
10EuropeCopenhagen
83%
7EuropeHelsinki
83%
17EuropeOslo
83%
14EuropeZurich
81%
6EuropeAmsterdam
78%
11EuropeMunich
76%
4EuropeVienna
76%
23EuropeHamburg
72%
18EuropeGeneva
69%
8EuropeMadrid
67%
26AsiaDubai
61%
22EuropeFrankfurt
61%
9EuropeReykjavik
56%
25AsiaAbu Dhabi
50%
2EuropeRotterdam
50%
15EuropePorto
48%
1EuropeThe Hague
46%
13EuropeEdinburgh
44%
3EuropeLuxembourg
44%
19EuropeGlasgow
37%
12EuropeGothenburg
37%
20EuropeTallinn
35%
5EuropeValencia
31%
21EuropeStuttgart
28%
24EuropeCork
15%
16AsiaMuscat
11%
30North AmericaCharlotte
7%
28North AmericaOrlando
7%
27North AmericaTampa
7%
29North AmericaRaleigh
6%

Score Distribution

Percentile by Number Answered

Percent of People with Each Score

Your Score History

You have not taken this quiz